00734nam a2200181 a 4500003000200000005001700002008004100019050003200060100002300092245013700115260009300252300004000345504003900385650002400424650003400448650003500482650003500517020250421093337.0970114s19uu xx 00 eng d aPGS BF 723.M75b.T686 2003. aTorobu, Hiroshi A. aThe perception of grade 6 students of Southville International School to foul language in music SY (2002-2003) /cHiroshi A. Torobu. aLas Piñas City, Philippines : bSouthville International School and Colleges, c2003. a38 pages :billustrations ;c28 cm. aIncludes bibliographic references. aObscenity in music. aMusicvPsychological aspects. aPopular musicvSocial aspects. aMoral development in children.